Statistiques concernant Logo/ Marque quizz #3

Cliquez ici pour prendre le quiz!

Statistiques générales

  • Ce quiz a été pris 159 fois
  • Le résultat moyen est 18 sur 26

Statistiques - réponses

Réponse% Correct
Amazon
98%
Haribo
95%
Jordan
94%
Kiri
93%
Mario Kart
92%
UHU
91%
Total
85%
Darty
83%
Intermarché
83%
Oral-B
80%
Warner bros
80%
Ford
79%
Visa
78%
Nikon
76%
Ligue 1
72%
Ben & Jerry's
69%
Pronote
63%
Roblox
60%
Xiaomi
60%
Yamaha
53%
Electronic arts
49%
Guess
47%
Cupra
46%
Sephora
39%
Opera
36%
Quechua
23%

Distribution des résultats

Percentile par nombre de réponses

% des personnes avec chaque résultat

Votre développement - résultats

Vous n’avez pas pris ce quiz